<?xml version="1.0" encoding="UTF-8"?>
<collection xmlns:xsi="http://www.w3.org/2001/XMLSchema-instance" xsi:schemaLocation="http://www.loc.gov/MARC21/slim http://www.loc.gov/standards/marcxml/schema/MARC21slim.xsd" xmlns="http://www.loc.gov/MARC21/slim">
 <record>
  <leader>00000ctm a22000003a 4500</leader>
  <controlfield tag="001">UP-8027390931316213749</controlfield>
  <controlfield tag="003">Buklod</controlfield>
  <controlfield tag="005">20120215162201.0</controlfield>
  <controlfield tag="006">a     r    |||| u|</controlfield>
  <controlfield tag="007">ta</controlfield>
  <controlfield tag="008">120215s        xx     d     r    |||| u|</controlfield>
  <datafield tag="035" ind1=" " ind2=" ">
   <subfield code="a">(iLib)UPMIN-00005905230</subfield>
  </datafield>
  <datafield tag="040" ind1=" " ind2=" ">
   <subfield code="a">DLC</subfield>
   <subfield code="c">UP</subfield>
   <subfield code="d">upmin</subfield>
  </datafield>
  <datafield tag="041" ind1=" " ind2=" ">
   <subfield code="a">eng</subfield>
  </datafield>
  <datafield tag="090" ind1=" " ind2="0">
   <subfield code="a">LG 993.5 2011</subfield>
   <subfield code="b">F62 C38</subfield>
  </datafield>
  <datafield tag="100" ind1="1" ind2=" ">
   <subfield code="a">Catingub, Wilson Bustamante, Jr.</subfield>
  </datafield>
  <datafield tag="245" ind1="0" ind2="2">
   <subfield code="a">A business plan of Kalakalang kape Kobing Company for micro scale production of civet coffee green beans</subfield>
   <subfield code="c">Wilson Bustamante Catingub Jr.</subfield>
  </datafield>
  <datafield tag="264" ind1=" " ind2="1">
   <subfield code="c">2011</subfield>
  </datafield>
  <datafield tag="300" ind1=" " ind2=" ">
   <subfield code="a">81 leaves.</subfield>
  </datafield>
  <datafield tag="502" ind1=" " ind2=" ">
   <subfield code="a">Thesis (BS Food Technology) -- University of the Philippines Mindanao, 2011</subfield>
  </datafield>
  <datafield tag="520" ind1=" " ind2=" ">
   <subfield code="a">Kalakalang Kape Kobing (3K) company is a business entity solely-owned and managed by Mr. Wilson B. Catingub, Jr.  The organization concentrates on the micro scale production of green civet coffee beans to directly supply the coffeehouses in Davao City.  Its processing plant is situated in Digos City, Davao del Sur where the raw civet coffee beans are polished, stringently quality controlled and packaged in a specialized coffee packaging material with moisture barrier and approximately designed for maximum consumer appeal.  With this packaging, the product can be stored for 2 years.  To start-up the business, the company requires a capital of Php300,000.00.  This will be used for securing the business's legal requirements, processing plant renovation, procurement of raw materials and equipment, salary of employees and other expenses necessary to operate the business.  The Php250,000.00 of the capital will be loaned from the GSIS while the remaining Php50,000.00 will be from the personal savings of the owner.  Projecting the business performance for 5 years, the company has the following financial ratios which measure the profitability of the company: Return of Investment (ROI) for the first year of operation is 80% and 295% after 5 years.  ; Net profit Margin (NPM) of 18% on the first year and 31% after 5 years; and the Return on Sales (ROS) is 42% on the first year and 53% after 5 years.  Referring to these ratios, the business on micro scale production of green civet coffee beans can be considered profitable and promising.</subfield>
  </datafield>
  <datafield tag="650" ind1="1" ind2="7">
   <subfield code="a">Kalakalang Kape Kobing (3K) Company.</subfield>
  </datafield>
  <datafield tag="650" ind1="1" ind2="7">
   <subfield code="a">Coffee.</subfield>
  </datafield>
  <datafield tag="650" ind1="1" ind2="7">
   <subfield code="a">Green civet coffee beans.</subfield>
  </datafield>
  <datafield tag="650" ind1="1" ind2="7">
   <subfield code="a">Coffeehouses.</subfield>
  </datafield>
  <datafield tag="650" ind1="1" ind2="7">
   <subfield code="a">Processing plant</subfield>
   <subfield code="z">Digos City, Davao del Sur.</subfield>
  </datafield>
  <datafield tag="650" ind1="1" ind2="7">
   <subfield code="a">Return on Investment (RO)</subfield>
  </datafield>
  <datafield tag="650" ind1="1" ind2="7">
   <subfield code="a">Micro-scale production.</subfield>
  </datafield>
  <datafield tag="650" ind1="1" ind2="7">
   <subfield code="a">Net Profit Margin (NPM).</subfield>
  </datafield>
  <datafield tag="650" ind1="1" ind2="7">
   <subfield code="a">Coffee packaging material.</subfield>
  </datafield>
  <datafield tag="650" ind1="1" ind2="7">
   <subfield code="a">Return on Sales (ROS).</subfield>
  </datafield>
  <datafield tag="650" ind1="1" ind2="7">
   <subfield code="a">Coffee industry</subfield>
   <subfield code="z">Davao City</subfield>
   <subfield code="z">Philippines.</subfield>
  </datafield>
  <datafield tag="658" ind1=" " ind2=" ">
   <subfield code="a">Undergraduate Thesis</subfield>
   <subfield code="c">FST200</subfield>
   <subfield code="2">BSFT.</subfield>
  </datafield>
  <datafield tag="905" ind1=" " ind2=" ">
   <subfield code="a">FI</subfield>
  </datafield>
  <datafield tag="905" ind1=" " ind2=" ">
   <subfield code="a">UP</subfield>
  </datafield>
  <datafield tag="852" ind1="0" ind2=" ">
   <subfield code="a">UPMIN</subfield>
   <subfield code="b">UPMIN-MAIN</subfield>
   <subfield code="h">LG 993.5 2011 F62 C38</subfield>
  </datafield>
  <datafield tag="942" ind1=" " ind2=" ">
   <subfield code="a">Thesis</subfield>
  </datafield>
 </record>
</collection>
